000 00593nam a2200169Ia 4500
008 090711s9999 xx 000 0 und d
082 _b732
100 _aघाणेकर प्र. के.
245 _aयोध्दा झोरावरसिंग
260 _bस्नेहल प्रकाशन
_c2000
300 _a80
600 _aघाणेकर प्र. के.
630 _aयोध्दा झोरावरसिंग
700 _aघाणेकर प्र. के.
730 _aयोध्दा झोरावरसिंग
942 _cBOOK
999 _c337732
_d337732